000 00376nam a2200157Ia 4500
003 OSt
005 20240103164552.0
008 170524s9999 xx 000 0 und d
020 _a0070263620
040 _cIIMT UNIVERSITY
100 _aKazmi, Azhar
245 0 _aSTRATEGIC MANAGEMENT & BUSINESS POLICY
260 _aNew Delhi
_bTMH
_c2011
300 _a698
942 _2ddc
_c02
999 _c2512
_d2512